Risk management in projects (Record no. 104853)

MARC details
000 -LEADER
fixed length control field 01465cam a22003015a 4500
001 - CONTROL NUMBER
control field ##L131818
008 - FIXED-LENGTH DATA ELEMENTS--GENERAL INFORMATION
fixed length control field 051209s2006 xxk 000 0 eng u
020 ## - INTERNATIONAL STANDARD BOOK NUMBER
International Standard Book Number 0415260566
035 ## - SYSTEM CONTROL NUMBER
System control number (Sirsi) u131818
041 0# - LANGUAGE CODE
Language code of text/sound track or separate title eng
050 04 - LIBRARY OF CONGRESS CALL NUMBER
Classification number 658.404 $2 18
100 1# - MAIN ENTRY--PERSONAL NAME
Personal name Loosemore, Martin
245 00 - TITLE STATEMENT
Title Risk management in projects
250 ## - EDITION STATEMENT
Edition statement 2nd ed.
260 ## - PUBLICATION, DISTRIBUTION, ETC.
Place of publication, distribution, etc. Abingdon
Name of publisher, distributor, etc. Taylor and Francis
Date of publication, distribution, etc. 2006
300 ## - PHYSICAL DESCRIPTION
Extent xviii, 260p.
Other physical details diagrams, tables
Dimensions 24cm.
350 ## - PRICE (NR) (BK AM CF MU VM SE) [OBSOLETE]
Price 19.99
505 2# - FORMATTED CONTENTS NOTE
Formatted contents note Risk and uncertainty in projects -- Risk and opportunity identification -- Risk and opportunity analysis -- Perceptions of risk -- Risk response, crisis management and recovery -- Developing and implementing a successful risk and opportunity management system.
520 ## - SUMMARY, ETC.
Summary, etc. The new edition of this book covers the entire risk management process and provides a fuller presentation of how risk is perceived by the general public. It includes two new chapters on risk identification and risk response, whilst the chapters on risk analysis have been completely reorganised. Increased attention is paid to the theory underlying the principles of risk management.
520 ## - SUMMARY, ETC.
Summary, etc. Supersedes "Risk analysis in project management", (ISBN 0419184201).
590 ## - LOCAL NOTE (RLIN)
Local note IKA170106
690 ## - LOCAL SUBJECT ADDED ENTRY--TOPICAL TERM (OCLC, RLIN)
Topical term or geographic name as entry element MANAGEMENT-HEALTH AND SAFETY-HEALTH AND SAFETY RISK MANAGEMENT
700 1# - ADDED ENTRY--PERSONAL NAME
Personal name Raftery, John
700 1# - ADDED ENTRY--PERSONAL NAME
Personal name Reilly, Charlie
700 1# - ADDED ENTRY--PERSONAL NAME
Personal name Higgon, Dave
942 ## - ADDED ENTRY ELEMENTS (KOHA)
Suppress in OPAC 0
Holdings
Withdrawn status Lost status Source of classification or shelving scheme Damaged status Not for loan Home library Current library Shelving location Date acquired Cost, normal purchase price Total Checkouts Full call number Barcode Date last seen Date last checked out Copy number Cost, replacement price Price effective from Koha item type
    Dewey Decimal Classification     London London Books 06/01/2006 19.99 25 658.404 LOO 30071478 06/08/2019 13/01/2010 1 19.99 06/08/2019 Book